MARC details
| 000 -LEADER |
| fixed length control field |
01081nam a2200253 a 4500 |
| 008 - FIXED-LENGTH DATA ELEMENTS--GENERAL INFORMATION |
| fixed length control field |
120416s1990 ||||||||||||||||| || u |
| 020 ## - INTERNATIONAL STANDARD BOOK NUMBER |
| International Standard Book Number |
0313268533 |
| 050 ## - LIBRARY OF CONGRESS CALL NUMBER |
| Classification number |
JC 599.A31 Eme |
| 100 ## - MAIN ENTRY--PERSONAL NAME |
| Personal name |
Anikpo, Mark O. C |
| 245 10 - TITLE STATEMENT |
| Title |
Emerging human rights |
| Statement of responsibility, etc. |
edited by G. W. Shepherd |
| 246 ## - VARYING FORM OF TITLE |
| Title proper/short title |
the African political economy context |
| 260 ## - PUBLICATION, DISTRIBUTION, ETC. |
| Place of publication, distribution, etc. |
New York |
| Name of publisher, distributor, etc. |
Greenwood Press |
| Date of publication, distribution, etc. |
1990 |
| 300 ## - PHYSICAL DESCRIPTION |
| Extent |
viii, 244 p. : ill. |
| 350 ## - PRICE (NR) (BK AM CF MU VM SE) [OBSOLETE] |
| Price |
0.00 |
| 490 ## - SERIES STATEMENT |
| Series statement |
Studies in human rights, 0146-3586 |
| 490 ## - SERIES STATEMENT |
| Volume/sequential designation |
no. 8 |
| 500 ## - GENERAL NOTE |
| General note |
'Published under the auspices of the Consortium on Human Rights Development.' -Includes bibliographical references (p. [223]-235) and index. |
| 650 ## - SUBJECT ADDED ENTRY--TOPICAL TERM |
| Topical term or geographic name entry element |
DISTRIBUTIVE JUSTICE--AFRICA, SUB-SAHARAN |
| 650 ## - SUBJECT ADDED ENTRY--TOPICAL TERM |
| Topical term or geographic name entry element |
HUMAN RIGHTS--AFRICA, SUB-SAHARAN |
| 650 ## - SUBJECT ADDED ENTRY--TOPICAL TERM |
| Topical term or geographic name entry element |
SOCIAL JUSTICE--AFRICA, SUB-SAHARAN |
| 650 ## - SUBJECT ADDED ENTRY--TOPICAL TERM |
| Topical term or geographic name entry element |
POLITICS |
| 710 ## - ADDED ENTRY--CORPORATE NAME |
| Corporate name or jurisdiction name as entry element |
University of Denver. Consortium on Human Rights Development |
| 995 ## - RECOMMENDATION 995 [LOCAL, UNIMARC FRANCE] |
| -- |
0.00 |
| -- |
CBU-MAIN LIBRARY (Kitwe) |
| -- |
1 |
| -- |
42.95 |
| -- |
1 |
| -- |
AVAILABLE |
| -- |
Main Library Open Access Collection |